| 000 | 00648cab a2200241 4500 | ||
|---|---|---|---|
| 001 | ABS47755 | ||
| 008 | 090401t1992 xxu||||| |||| 00| 0 eng d | ||
| 035 | _a(Sirsi) u63333 | ||
| 041 | _aeng | ||
| 245 | _aCheck your council tax | ||
| 260 | _c1992 | ||
| 350 | _a0 | ||
| 490 |
_aWhich? _vDecember 1992, 17-19(3) |
||
| 520 | _aSets out the appeals procedure for the Council Tax. Also provides details of those eligible for discounts. | ||
| 650 | _aAPPEAL PROCEDURE | ||
| 650 | _aBANDING | ||
| 650 | _aCOUNCIL TAX | ||
| 650 | _aEXEMPTIONS | ||
| 690 | _aRATING AND VALUATION | ||
| 690 | _aTAXATION | ||
| 942 | _n0 | ||
| 948 | _c04/03/1997 | ||
| 999 |
_c39378 _d39378 |
||